00479nam a2200181 a 4500001001300000003000900013005001700022008004100039020001000080082001300090245002500103260003700128300000800165500003500173505003000208650003400238710002500272nice12345678IN_TiNIC20260116012057.0050524s1950 sura grp 000 0 ara  ac10000a027bABD aKitab-U-Kashil Zunun aSuratbAbdus Sama and Sonsc1950 a45p aincludes index and biblioraphy2 aIndex, Glossary, Biblio., aManuscripts-Library-Catalogue2 aAbdus Samad and Sons